[Event "Isle of Man op"]
[Site "Douglas ENG"]
[Date "2017.09.24"]
[Round "2.45"]
[White "Piasetski, Leon"]
[Black "Brunello, Sabino"]
[Result "0-1"]
[WhiteElo "2286"]
[BlackElo "2555"]
[PlyCount "74"]
[GameId "2130307627575890"]
[EventDate "2017.09.23"]
[EventType "swiss"]
[EventRounds "9"]
[EventCountry "ENG"]
[SourceTitle "10 Days #521"]
[Source "Chess Mix"]
[SourceDate "2017.10.10"]
[SourceVersion "1"]
[SourceVersionDate "2017.10.10"]
[SourceQuality "1"]

1. Nf3 Nf6 2. g3 b5 3. Bg2 Bb7 4. O-O e6 5. d3 c5 6. e4 d6 7. Nh4 Nc6 8. f4 Be7 9. Nd2 Qb6 10. Kh1 h6 11. f5 e5 12. a4 b4 13. Nc4 Qc7 14. Ne3 Na5 15. Nd5 Bxd5 16. exd5 c4 17. dxc4 Nxc4 18. b3 Nb6 19. a5 Nbd7 20. Nf3 O-O 21. Nd2 Rab8 22. Nc4 Rb5 23. Rf2 Nc5 24. Bb2 Nfd7 25. Qf1 Rfb8 26. Rd1 a6 27. Bc1 Nb7 28. Be3 Nxa5 29. Nxa5 Rxa5 30. f6 Nxf6 31. Rxf6 Bxf6 32. Be4 Qe7 33. Bxh6 gxh6 34. Qf5 Bg7 35. Rf1 Rc5 36. Qh7+ Kf8 37. Bg6 Rb7 0-1

[Event "Isle of Man op"]
[Site "Douglas ENG"]
[Date "2017.09.25"]
[Round "3.54"]
[White "Aravindh, Chithambaram VR"]
[Black "Piasetski, Leon"]
[Result "1-0"]
[WhiteElo "2573"]
[BlackElo "2286"]
[PlyCount "61"]
[GameId "2130307627584171"]
[EventDate "2017.09.23"]
[EventType "swiss"]
[EventRounds "9"]
[EventCountry "ENG"]
[SourceTitle "10 Days #521"]
[Source "Chess Mix"]
[SourceDate "2017.10.10"]
[SourceVersion "1"]
[SourceVersionDate "2017.10.10"]
[SourceQuality "1"]

1. e4 g6 2. Nc3 Bg7 3. h4 h5 4. d4 c6 5. Bc4 d5 6. exd5 b5 7. Bd3 b4 8. Nce2 cxd5 9. a3 bxa3 10. Rxa3 Nh6 11. Nf3 O-O 12. Bf4 Bf5 13. Bxh6 Bxd3 14. Qxd3 Bxh6 15. Ne5 Nd7 16. Nc6 Qe8 17. O-O Nb6 18. Ne5 Nd7 19. Rfa1 Nxe5 20. dxe5 e6 21. Nd4 Qe7 22. g3 Bg7 23. f4 Rfc8 24. c3 Bf8 25. Ra6 Qb7 26. b4 Rc4 27. Nxe6 Rac8 28. Nc5 Bxc5+ 29. bxc5 Qe7 30. Rxg6+ fxg6 31. Qxd5+ 1-0

[Event "Washington op"]
[Site "Rockville USA"]
[Date "2017.08.12"]
[Round "1.7"]
[White "Postny, Evgeny"]
[Black "Piasetski, Leon"]
[Result "1-0"]
[WhiteElo "2570"]
[BlackElo "2283"]
[PlyCount "77"]
[GameId "2130307629494639"]
[EventDate "2017.08.12"]
[EventType "swiss"]
[EventRounds "9"]
[EventCountry "USA"]
[SourceTitle "10 Days #517"]
[Source "Chess Mix"]
[SourceDate "2017.09.01"]
[SourceVersion "1"]
[SourceVersionDate "2017.09.01"]
[SourceQuality "1"]

1. d4 Nf6 2. c4 e6 3. Nf3 b6 4. g3 Ba6 5. Qc2 Be7 6. e4 d5 7. cxd5 Bxf1 8. Kxf1 exd5 9. e5 Ne4 10. Nc3 Nxc3 11. bxc3 Qd7 12. Kg2 Nc6 13. Re1 Na5 14. Bg5 O-O-O 15. Bxe7 Qxe7 16. Nh4 g6 17. f4 Rhe8 18. f5 Kb8 19. Re2 Qa3 20. Rae1 c5 21. e6 fxe6 22. fxg6 hxg6 23. Nxg6 cxd4 24. cxd4 Rc8 25. Qd2 Nc4 26. Qf4+ Kb7 27. h4 Rc7 28. Qf3 Qa5 29. Nf4 Nd2 30. Qh5 Rec8 31. Nxe6 Rc2 32. Qh7+ Ka6 33. Nc5+ R8xc5 34. dxc5 Ne4 35. Rxc2 Qxe1 36. Qg8 Nd2 37. Qc8+ Ka5 38. Qf5 Nc4 39. Rxc4 1-0

[Event "Reykjavik op"]
[Site "Reykjavik ISL"]
[Date "2017.04.25"]
[Round "8.42"]
[White "Piasetski, Leon"]
[Black "Spence, David"]
[Result "1-0"]
[WhiteElo "2300"]
[BlackElo "2168"]
[PlyCount "99"]
[GameId "2130307634311667"]
[EventDate "2017.04.19"]
[EventType "swiss"]
[EventRounds "10"]
[EventCountry "ISL"]
[SourceTitle "The Week in Chess 1173"]
[Source "Mark Crowther"]
[SourceDate "2017.05.01"]
[SourceVersion "1"]
[SourceVersionDate "2017.05.01"]
[SourceQuality "2"]

1. Nf3 Nf6 2. c4 e6 3. g3 a6 4. Bg2 b5 5. b3 c5 6. O-O Qb6 7. d3 Bb7 8. e4 d6 9. Nh4 Be7 10. f4 Nc6 11. Be3 Nd7 12. Nc3 Bf6 13. Rc1 Nd4 14. Ne2 Nxe2+ 15. Qxe2 b4 16. Nf3 Bc3 17. Kh1 a5 18. Rfd1 e5 19. f5 a4 20. g4 axb3 21. axb3 Ra3 22. Rb1 Kd8 23. Ng5 Ke8 24. Qf3 Qd8 25. Qh3 Qe7 26. Nf3 Kd8 27. g5 f6 28. Qg3 Kc7 29. h4 Nb8 30. h5 Nc6 31. h6 Na5 32. Qh4 Rf8 33. hxg7 Qxg7 34. gxf6 Rxf6 35. Bg5 Rf7 36. Bd8+ Kc6 37. Ng5 Nxb3 38. Nxf7 Qxf7 39. Bf3 Nd2 40. Bh5 Qd7 41. Rbc1 Ra8 42. Be7 Kc7 43. Qf6 Ra6 44. Qf7 Nb3 45. Rc2 Nd4 46. Rf2 b3 47. Bg5 b2 48. Qxd7+ Kxd7 49. f6 Ra1 50. Rff1 1-0

[Event "Reykjavik op"]
[Site "Reykjavik ISL"]
[Date "2017.04.27"]
[Round "10.36"]
[White "Piasetski, Leon"]
[Black "Ristoja, Samu"]
[Result "0-1"]
[WhiteElo "2300"]
[BlackElo "2228"]
[PlyCount "108"]
[GameId "2130307634324195"]
[EventDate "2017.04.19"]
[EventType "swiss"]
[EventRounds "10"]
[EventCountry "ISL"]
[SourceTitle "The Week in Chess 1173"]
[Source "Mark Crowther"]
[SourceDate "2017.05.01"]
[SourceVersion "1"]
[SourceVersionDate "2017.05.01"]
[SourceQuality "2"]

1. Nf3 d5 2. c4 c6 3. e3 Nf6 4. Nc3 e6 5. d4 Bd6 6. Qc2 O-O 7. Be2 Nbd7 8. O-O Re8 9. Rd1 Qc7 10. h3 b6 11. a3 Bb7 12. b4 a5 13. c5 bxc5 14. bxc5 Bf8 15. Bb2 g6 16. Rab1 Ba6 17. Bxa6 Rxa6 18. Ba1 Raa8 19. Rb3 Reb8 20. Rdb1 Rxb3 21. Rxb3 e5 22. Qb1 exd4 23. Rb7 Qc8 24. exd4 Bg7 25. Rb3 Qc7 26. Bb2 Re8 27. Bc1 Ne4 28. Na4 h6 29. Rb7 Qd8 30. Bf4 Nf8 31. Rb8 Qd7 32. Rxe8 Qxe8 33. Qb8 Qxb8 34. Bxb8 Ne6 35. Be5 Bxe5 36. dxe5 Kf8 37. Kf1 Ke7 38. Ke2 N6xc5 39. Nxc5 Nxc5 40. Nd4 Kd7 41. Ke3 Ne6 42. Nb3 a4 43. Nc1 c5 44. f4 Nd4 45. Nd3 Kc6 46. Nb2 Kb5 47. g4 Nc6 48. h4 c4 49. Nd1 Kc5 50. Nb2 c3 51. Nd3+ Kc4 52. f5 gxf5 53. gxf5 Nd4 54. f6 Ne6 0-1

[Event "Karpos op"]
[Site "Skopje MKD"]
[Date "2017.04.03"]
[Round "4.35"]
[White "Piasetski, Leon"]
[Black "Batkoski, Nenad"]
[Result "1-0"]
[WhiteElo "2300"]
[BlackElo "1871"]
[PlyCount "87"]
[GameId "2130307634865861"]
[EventDate "2017.04.01"]
[EventType "swiss"]
[EventRounds "9"]
[EventCountry "MKD"]

1. Nf3 Nc6 2. d4 d5 3. e3 a6 4. c4 e6 5. a3 Nf6 6. Nbd2 Be7 7. Qc2 O-O 8. Bd3 h6 9. O-O Re8 10. b4 dxc4 11. Nxc4 Bf8 12. Rd1 Nd7 13. Bb2 f5 14. Rac1 Nf6 15. Nce5 Nxe5 16. dxe5 Nd5 17. e4 fxe4 18. Bxe4 c6 19. Bh7+ Kh8 20. Bg6 Re7 21. Qc4 Rd7 22. Bc2 Kg8 23. Qe4 g5 24. Qg6+ Bg7 25. Qxe6+ Rf7 26. Qg6 Qe7 27. Nd4 Nf4 28. Qe4 Nd5 29. Re1 Be6 30. g3 Rd8 31. Qh7+ Kf8 32. Bg6 Rf3 33. Bh5 Bg8 34. Qe4 Rf7 35. Bg4 Nc7 36. e6 Rf6 37. Nf5 Qxe6 38. Nxg7 Qxe4 39. Rxe4 Rg6 40. Bh5 Rgd6 41. Nf5 Bf7 42. Bg7+ Kg8 43. Bxf7+ Kxf7 44. Re7+ 1-0

[Event "Karpos op"]
[Site "Skopje MKD"]
[Date "2017.04.04"]
[Round "5.19"]
[White "Nikolic, Nebojsa"]
[Black "Piasetski, Leon"]
[Result "1-0"]
[WhiteElo "2379"]
[BlackElo "2300"]
[PlyCount "93"]
[GameId "2130307634874070"]
[EventDate "2017.04.01"]
[EventType "swiss"]
[EventRounds "9"]
[EventCountry "MKD"]
[SourceTitle "10 Days #503"]
[Source "Chess Mix"]
[SourceDate "2017.04.10"]
[SourceVersion "1"]
[SourceVersionDate "2017.04.10"]
[SourceQuality "1"]

1. b3 e5 2. Bb2 Nc6 3. e3 Nf6 4. Bb5 Bd6 5. Ne2 a6 6. Bxc6 dxc6 7. d3 O-O 8. Nd2 b5 9. O-O Re8 10. h3 c5 11. e4 Nh5 12. Ng3 Nf4 13. Nh5 Qg5 14. Nxf4 Qxf4 15. Re1 Re6 16. Nf1 Rg6 17. Re3 Qh4 18. Rg3 Be6 19. a4 Rb8 20. axb5 axb5 21. Qe1 Qd8 22. Ra5 Rxg3 23. Nxg3 f6 24. Nf5 Bf8 25. Bc3 c4 26. dxc4 bxc4 27. b4 Ra8 28. Ne3 Rxa5 29. bxa5 Bc5 30. Bb4 Ba7 31. Ba3 h6 32. Qb4 Bxe3 33. fxe3 Qd1+ 34. Kh2 Qxc2 35. Qe7 Bxh3 36. Kxh3 Qxe4 37. Qc5 f5 38. Kg3 f4+ 39. Kf2 Qc2+ 40. Kf3 Qd1+ 41. Ke4 Qd3+ 42. Kxe5 fxe3 43. Bb4 Qe2 44. a6 Qb2+ 45. Qd4 Qxb4 46. a7 Qe7+ 47. Kf4 1-0

[Event "Karpos op"]
[Site "Skopje MKD"]
[Date "2017.04.06"]
[Round "7.21"]
[White "Bogdanovski, Vlatko"]
[Black "Piasetski, Leon"]
[Result "1/2-1/2"]
[WhiteElo "2388"]
[BlackElo "2300"]
[PlyCount "61"]
[GameId "2130307634874118"]
[EventDate "2017.04.01"]
[EventType "swiss"]
[EventRounds "9"]
[EventCountry "MKD"]
[SourceTitle "10 Days #503"]
[Source "Chess Mix"]
[SourceDate "2017.04.10"]
[SourceVersion "1"]
[SourceVersionDate "2017.04.10"]
[SourceQuality "1"]

1. d4 Nf6 2. Nf3 d6 3. c4 g6 4. Nc3 Bf5 5. Qb3 b6 6. g3 c5 7. d5 Qc8 8. Bg2 Bg7 9. Nh4 Bh3 10. Qa4+ Bd7 11. Qc2 Bh3 12. O-O Bxg2 13. Kxg2 O-O 14. e4 a6 15. a4 Nbd7 16. Bd2 Re8 17. h3 e6 18. Nf3 exd5 19. exd5 Qc7 20. Rab1 Ne5 21. Nxe5 Rxe5 22. Bf4 Re7 23. Rfe1 Rae8 24. Rxe7 Rxe7 25. b3 Qd7 26. Qd3 h6 27. Bd2 Qe8 28. Kf1 Qd7 29. Kg2 Qe8 30. Kf1 Qd7 31. Kg2 1/2-1/2

[Event "Karpos op"]
[Site "Skopje MKD"]
[Date "2017.04.07"]
[Round "8.16"]
[White "Piasetski, Leon"]
[Black "Nasuta, Grzegorz"]
[Result "0-1"]
[WhiteElo "2300"]
[BlackElo "2447"]
[PlyCount "106"]
[GameId "2129404771485245"]
[EventDate "2017.04.01"]
[EventType "swiss"]
[EventRounds "9"]
[EventCountry "MKD"]
[SourceTitle "10 Days #503"]
[Source "Chess Mix"]
[SourceDate "2017.04.10"]
[SourceVersion "1"]
[SourceVersionDate "2017.04.10"]
[SourceQuality "1"]

1. Nf3 Nf6 2. c4 g6 3. Nc3 d5 4. cxd5 Nxd5 5. Qb3 Nb6 6. d4 Be6 7. Qb5+ N8d7 8. e4 c6 9. Qg5 Bg7 10. Qh4 h6 11. g4 Qc7 12. g5 hxg5 13. Qxg5 Rh5 14. Qg3 Qxg3 15. fxg3 Rd8 16. Bf4 Nf8 17. Be2 Bg4 18. Ne5 Bxe2 19. Nxe2 Ne6 20. O-O-O Nxd4 21. Nxd4 Bxe5 22. Nf3 Rxd1+ 23. Rxd1 Bxf4+ 24. gxf4 Rh3 25. Rd3 Nd7 26. Ne5 Rxd3 27. Nxd3 Nf6 28. e5 Nd5 29. Kd2 Kd7 30. Nc5+ Kc7 31. Nd3 Kd7 32. Nc5+ Kc7 33. Nd3 b6 34. Ke2 c5 35. Kf3 e6 36. Nf2 f5 37. exf6 Nxf6 38. Nd3 Nd5 39. Ne5 Ne7 40. Kg4 b5 41. b3 Kd6 42. Kg5 Kd5 43. Kf6 Nf5 44. Kxg6 c4 45. bxc4+ bxc4 46. Kg5 c3 47. Nd3 Ke4 48. Nc1 c2 49. Kf6 Kxf4 50. Kxe6 Nd4+ 51. Kd5 Ke3 52. a4 Kd2 53. Na2 Ne2 {Kd4} 0-1

[Event "Gibraltar Masters"]
[Site "Gibraltar ENG"]
[Date "2017.02.02"]
[Round "10.57"]
[White "Kollars, Dmitrij"]
[Black "Piasetski, Leon"]
[Result "1-0"]
[WhiteElo "2500"]
[BlackElo "2327"]
[PlyCount "81"]
[GameId "2130307636350110"]
[EventDate "2017.01.24"]
[EventType "swiss"]
[EventRounds "9"]
[EventCountry "ENG"]
[SourceTitle "The Week in Chess 1162"]
[Source "Mark Crowther"]
[SourceDate "2017.02.13"]
[SourceVersion "3"]
[SourceVersionDate "2017.02.17"]
[SourceQuality "2"]

1. e4 c6 2. Nc3 d5 3. Nf3 Nf6 4. e5 Ne4 5. d4 Qa5 6. Bd3 Bg4 7. O-O Nxc3 8. bxc3 e6 9. Bd2 Qa4 10. h3 Bh5 11. Qb1 b5 12. Qb3 Bxf3 13. Qxa4 bxa4 14. gxf3 Nd7 15. c4 dxc4 16. Bxc4 Nb6 17. Ba6 Rb8 18. Rab1 Kd7 19. c4 Ba3 20. Ba5 Na8 21. Rfd1 Nc7 22. Bb7 Nb5 23. cxb5 Rxb7 24. Rd3 Rxb5 25. Rxb5 cxb5 26. Rxa3 Rc8 27. Kf1 Rc2 28. Ke1 Rb2 29. Bd2 Kc6 30. Kd1 Rb1+ 31. Kc2 Rh1 32. Rc3+ Kb6 33. Be3 Kb7 34. Rc5 a6 35. d5 exd5 36. Rxd5 Kc8 37. Rd6 b4 38. Rxa6 b3+ 39. axb3 axb3+ 40. Kxb3 Rxh3 41. f4 1-0

[Event "Figueira da Foz op"]
[Site "Figueira da Foz POR"]
[Date "2016.10.30"]
[Round "1.14"]
[White "Marcal, Armando Paulo Gomes"]
[Black "Piasetski, Leon"]
[Result "0-1"]
[WhiteElo "1769"]
[BlackElo "2329"]
[PlyCount "41"]
[GameId "2130307638684832"]
[EventDate "2016.10.30"]
[EventType "swiss"]
[EventRounds "9"]
[EventCountry "POR"]
[SourceTitle "10 Days #488"]
[Source "Chess Mix"]

1. e4 c5 2. Nf3 e6 3. d4 cxd4 4. Nxd4 a6 5. Be3 Nf6 6. Nd2 e5 7. N4b3 d5 8. exd5 Nxd5 9. Bc5 Bxc5 10. Nxc5 O-O 11. Be2 Qe7 12. Ncb3 Nc6 13. O-O Be6 14. c3 Rad8 15. Qc2 Nf4 16. Bf3 f5 17. Bxc6 bxc6 18. f3 Nd3 19. Rad1 Qa7+ 20. Nd4 exd4 21. Qxd3 0-1

[Event "Figueira da Foz op"]
[Site "Figueira da Foz POR"]
[Date "2016.11.02"]
[Round "5.9"]
[White "Cruz, Jorge Filipe Egas"]
[Black "Piasetski, Leon"]
[Result "0-1"]
[WhiteElo "2057"]
[BlackElo "2329"]
[PlyCount "28"]
[GameId "2130307638684885"]
[EventDate "2016.10.30"]
[EventType "swiss"]
[EventRounds "9"]
[EventCountry "POR"]
[SourceTitle "10 Days #488"]
[Source "Chess Mix"]

1. e4 c5 2. Nf3 e6 3. d4 cxd4 4. Nxd4 a6 5. Bd3 Bc5 6. Nb3 Be7 7. O-O d6 8. c4 Nd7 9. Nc3 Ngf6 10. Qe2 b6 11. Be3 O-O 12. f3 Ne5 13. a4 Rb8 14. a5 bxa5 0-1

[Event "Figueira da Foz op"]
[Site "Figueira da Foz POR"]
[Date "2016.11.03"]
[Round "6.4"]
[White "Piasetski, Leon"]
[Black "Mista, Aleksander"]
[Result "0-1"]
[WhiteElo "2329"]
[BlackElo "2588"]
[PlyCount "54"]
[GameId "2130307638684898"]
[EventDate "2016.10.30"]
[EventType "swiss"]
[EventRounds "9"]
[EventCountry "POR"]
[SourceTitle "10 Days #488"]
[Source "Chess Mix"]

1. c4 g6 2. e4 Bg7 3. d4 d6 4. Nc3 Nf6 5. h3 O-O 6. Bg5 c5 7. d5 b5 8. cxb5 a6 9. a4 e6 10. dxe6 Bxe6 11. e5 dxe5 12. Qxd8 Rxd8 13. Nf3 h6 14. Be3 Nbd7 15. bxa6 Nd5 16. Nxd5 Bxd5 17. Nd2 e4 18. Bc4 Nb6 19. Bxd5 Nxd5 20. Nc4 Nb4 21. O-O Nd3 22. f3 f5 23. fxe4 fxe4 24. Rfd1 Rxa6 25. a5 Rb8 26. Ra4 Bd4 27. Kf1 Bxe3 0-1

[Event "Figueira da Foz op"]
[Site "Figueira da Foz POR"]
[Date "2016.11.04"]
[Round "7.10"]
[White "Stets, Dmitry"]
[Black "Piasetski, Leon"]
[Result "1/2-1/2"]
[WhiteElo "2436"]
[BlackElo "2329"]
[PlyCount "111"]
[GameId "2130307638684923"]
[EventDate "2016.10.30"]
[EventType "swiss"]
[EventRounds "9"]
[EventCountry "POR"]
[SourceTitle "10 Days #488"]
[Source "Chess Mix"]

1. e4 c5 2. Nf3 d6 3. d4 cxd4 4. Nxd4 Nf6 5. Nc3 a6 6. Be3 e5 7. Nb3 Be6 8. Qd2 Nbd7 9. O-O-O b5 10. f4 Rc8 11. Kb1 h5 12. Be2 Be7 13. Rhe1 Qc7 14. h3 h4 15. Nd5 Bxd5 16. exd5 Ne4 17. Qc1 f5 18. Bd3 Ndf6 19. fxe5 dxe5 20. Bg5 Ng3 21. Nd4 e4 22. d6 Qxd6 23. Nxf5 Nxf5 24. Bxe4 Nxe4 25. Rxd6 Nfxd6 26. Bf4 Rf8 27. Bxd6 Nxd6 28. Qg5 Rf7 29. Qxh4 Kd7 30. Qd4 Rc6 31. a3 Bf6 32. Qa7+ Kd8 33. Qa8+ Kc7 34. Qg8 Rd7 35. c3 Rd8 36. Qh7 Nc4 37. Qh5 Rd2 38. Re2 Rxe2 39. Qxe2 Rd6 40. Qf2 Kb7 41. Qf3+ Kc7 42. Qf4 Kd7 43. Qf5+ Kd8 44. Qf4 Rd1+ 45. Ka2 Rd2 46. Qb8+ Ke7 47. Qb7+ Kf8 48. Qc8+ Kf7 49. Qb7+ Be7 50. Ka1 g6 51. b3 Rd1+ 52. Ka2 Rd2+ 53. Ka1 Rd1+ 54. Ka2 Rd2+ 55. Ka1 Nxa3 56. Qxa6 1/2-1/2

[Event "Figueira da Foz op"]
[Site "Figueira da Foz POR"]
[Date "2016.11.05"]
[Round "8.7"]
[White "Piasetski, Leon"]
[Black "Vassallo Barroche, Mauricio"]
[Result "0-1"]
[WhiteElo "2329"]
[BlackElo "2362"]
[PlyCount "116"]
[GameId "2130307638689036"]
[EventDate "2016.10.30"]
[EventType "swiss"]
[EventRounds "9"]
[EventCountry "POR"]
[SourceTitle "10 Days #488"]
[Source "Chess Mix"]

1. c4 e5 2. Nc3 d6 3. Nf3 Nf6 4. d4 exd4 5. Nxd4 g6 6. e4 Bg7 7. Be2 O-O 8. O-O Re8 9. f3 c6 10. Kh1 Nh5 11. g4 Nf6 12. Be3 h5 13. g5 Nh7 14. Rg1 Nd7 15. Qd2 Ne5 16. Rg3 a6 17. f4 c5 18. Nc2 Nc6 19. Rd1 Bg4 20. Bxg4 hxg4 21. Nd5 Rxe4 22. Qd3 Re8 23. Rxg4 Ne7 24. Nxe7+ Qxe7 25. f5 gxf5 26. Qxf5 Nf8 27. Bg1 Qe6 28. Qxe6 Rxe6 29. Ne3 Ng6 30. Nd5 Rae8 31. Rg2 Re1 32. Nf6+ Bxf6 33. Rxe1 Rxe1 34. gxf6 Kh7 35. h4 Kh6 36. Rg3 Nxh4 37. Kh2 Nf5 38. Rb3 Kg6 39. Rxb7 Kxf6 40. Bf2 Rc1 41. Rb6 Ke5 42. Rxa6 Rc2 43. Kg1 Rxb2 44. Ra7 Rc2 45. a4 Rxc4 46. a5 Ra4 47. Be1 Ra1 48. Kf2 Ra2+ 49. Kf3 Nd4+ 50. Kg3 f5 51. Re7+ Kf6 52. Re8 Ra3+ 53. Kg2 f4 54. Bh4+ Kf5 55. Bd8 Ra2+ 56. Kf1 Nc2 57. Ke2 Nb4+ 58. Kf1 Nd3 0-1

[Event "Karpos op"]
[Site "Skopje MKD"]
[Date "2016.04.06"]
[Round "8.21"]
[White "Stojanovski, Dejan"]
[Black "Piasetski, Leon"]
[Result "1/2-1/2"]
[WhiteElo "2443"]
[BlackElo "2282"]
[PlyCount "47"]
[GameId "2130307646618158"]
[EventDate "2016.04.01"]
[EventType "swiss"]
[EventRounds "9"]
[EventCountry "MKD"]
[SourceTitle "The Week in Chess 1118"]
[Source "Mark Crowther"]
[SourceDate "2016.04.11"]
[SourceVersion "1"]
[SourceVersionDate "2016.04.11"]
[SourceQuality "2"]

1. d4 g6 2. e4 Bg7 3. Nc3 d6 4. Bg5 a6 5. a4 b6 6. Bc4 Qd7 7. Nf3 e6 8. Ne2 Bb7 9. Ng3 h6 10. Bd2 Nc6 11. c3 d5 12. Bd3 dxe4 13. Bxe4 f5 14. Bc2 e5 15. dxe5 Nxe5 16. Nxe5 Bxe5 17. Qe2 O-O-O 18. O-O-O Bd6 19. Rhe1 Ne7 20. Qc4 Nd5 21. h4 h5 22. Bg5 Rde8 23. Ne2 Re5 24. Nd4 1/2-1/2

[Event "Karpos op"]
[Site "Skopje MKD"]
[Date "2016.04.07"]
[Round "9.23"]
[White "Piasetski, Leon"]
[Black "Tosic, Miroslav"]
[Result "0-1"]
[WhiteElo "2282"]
[BlackElo "2414"]
[PlyCount "110"]
[GameId "2130307646618183"]
[EventDate "2016.04.01"]
[EventType "swiss"]
[EventRounds "9"]
[EventCountry "MKD"]
[SourceTitle "The Week in Chess 1118"]
[Source "Mark Crowther"]
[SourceDate "2016.04.11"]
[SourceVersion "1"]
[SourceVersionDate "2016.04.11"]
[SourceQuality "2"]

1. Nf3 c5 2. c4 e6 3. g3 a6 4. Nc3 Nf6 5. Bg2 Be7 6. O-O O-O 7. d4 cxd4 8. Qxd4 Nc6 9. Qf4 d6 10. Rd1 h6 11. b3 Qa5 12. Bb2 Bd7 13. Ne4 Nxe4 14. Qxe4 Rfd8 15. Nd4 Bf8 16. Qe3 Rac8 17. Nxc6 Bxc6 18. Bd4 Qh5 19. Bb6 Re8 20. a4 d5 21. c5 Be7 22. Ra2 Bf6 23. b4 d4 24. Qb3 e5 25. Bxc6 bxc6 26. Qf3 Qg6 27. e4 dxe3 28. Qxe3 e4 29. Rd6 Qf5 30. Re2 Bg5 31. Qb3 h5 32. h4 Qg4 33. Re1 e3 34. Qd1 exf2+ 35. Kxf2 Qf5+ 36. Kg2 Bf6 37. Rf1 Qe4+ 38. Qf3 Qxb4 39. Qxh5 Re5 40. Qf3 Rce8 41. Rxc6 Re3 42. Rc8 Rxf3 43. Rxe8+ Kh7 44. Rxf3 Qxa4 45. Re2 Qc6 46. Ref2 Bd4 47. Rf1 Qe4 48. Kh3 f6 49. h5 Qe6+ 50. g4 Qe2 51. Rf5 Qb5 52. Bc7 Bxc5 53. R1f3 Qe2 54. g5 fxg5 55. Bd8 Be3 0-1

[Event "Figueira da Foz op"]
[Site "Figueira da Foz POR"]
[Date "2015.11.27"]
[Round "8.8"]
[White "Fernandes, Miguel A Murtinho"]
[Black "Piasetski, Leon"]
[Result "0-1"]
[WhiteElo "1876"]
[BlackElo "2291"]
[PlyCount "68"]
[GameId "2130307650653351"]
[EventDate "2015.11.21"]
[EventType "swiss"]
[EventRounds "9"]
[EventCountry "POR"]
[SourceTitle "The Week in Chess 1099"]
[Source "Mark Crowther"]
[SourceDate "2015.11.30"]
[SourceVersion "1"]
[SourceVersionDate "2015.11.30"]
[SourceQuality "2"]

1. d4 Nf6 2. c4 d6 3. Nc3 Nbd7 4. e4 e5 5. d5 Nc5 6. Bd3 Be7 7. Bc2 a5 8. Nge2 O-O 9. O-O Nfd7 10. b3 Bg5 11. Bb2 Nb6 12. f4 exf4 13. Nxf4 Bf6 14. e5 Bxe5 15. Qh5 f5 16. g4 Qf6 17. g5 Qe7 18. Rae1 g6 19. Qh4 Bd4+ 20. Kh1 Qg7 21. Rf3 Bd7 22. Nfe2 Be5 23. Bc1 Rae8 24. Bf4 Rf7 25. Bxe5 Rxe5 26. Nc1 Rfe7 27. Rxe5 Qxe5 28. N1e2 c6 29. a3 cxd5 30. b4 axb4 31. axb4 Ne4 32. Nxd5 Nxd5 33. cxd5 Nd2 34. Rf2 Qxd5+ 0-1

[Event "Iasi op"]
[Site "Iasi ROM"]
[Date "2015.06.02"]
[Round "5.15"]
[White "Baratosi, Daniel"]
[Black "Piasetski, Leon"]
[Result "1/2-1/2"]
[WhiteElo "2406"]
[BlackElo "2272"]
[PlyCount "53"]
[GameId "2130307658703790"]
[EventDate "2015.05.29"]
[EventType "swiss"]
[EventRounds "9"]
[EventCountry "ROU"]
[SourceTitle "The Week in Chess 1074"]
[Source "Mark Crowther"]
[SourceDate "2015.06.08"]
[SourceVersion "2"]
[SourceVersionDate "2015.06.09"]
[SourceQuality "2"]

1. e4 c5 2. Nf3 e6 3. d4 cxd4 4. Nxd4 a6 5. Nc3 b5 6. Bd3 Qb6 7. Be3 Bc5 8. Be2 Nc6 9. Nxc6 Qxc6 10. e5 Bxe3 11. fxe3 Bb7 12. Bf3 Qb6 13. Bxb7 Qxb7 14. Qg4 Ne7 15. Qxg7 Rg8 16. Qxh7 Qxg2 17. O-O-O Qg6 18. Qxg6 Nxg6 19. Ne4 Ke7 20. Nf6 Rgd8 21. Ng4 Rh8 22. Rd4 Rh3 23. Rhd1 Ra7 24. b3 Rf3 25. Kb2 Rf5 26. Re4 Rc7 27. b4 1/2-1/2

[Event "Iasi op"]
[Site "Iasi ROM"]
[Date "2015.06.03"]
[Round "6.13"]
[White "Piasetski, Leon"]
[Black "Nevednichy, Vladislav"]
[Result "1-0"]
[WhiteElo "2272"]
[BlackElo "2574"]
[PlyCount "85"]
[GameId "2130307658703802"]
[EventDate "2015.05.29"]
[EventType "swiss"]
[EventRounds "9"]
[EventCountry "ROU"]
[SourceTitle "The Week in Chess 1074"]
[Source "Mark Crowther"]
[SourceDate "2015.06.08"]
[SourceVersion "2"]
[SourceVersionDate "2015.06.09"]
[SourceQuality "2"]

1. Nf3 g6 2. c4 Bg7 3. d4 c5 4. e4 Qb6 5. dxc5 Qxc5 6. Be2 d6 7. O-O Nc6 8. h3 Be6 9. Be3 Qb4 10. Nbd2 Nf6 11. Qc2 Nd7 12. Rab1 O-O 13. a3 Qa5 14. Ng5 Nd4 15. Bxd4 Bxd4 16. Nxe6 fxe6 17. Bg4 Rf6 18. Nf3 Be5 19. b4 Qc7 20. c5 h5 21. Bxe6+ Rxe6 22. Qc4 Nf8 23. Ng5 Qd7 24. Qd5 Bf4 25. Nxe6 Nxe6 26. g3 Bh6 27. e5 Kh7 28. exd6 exd6 29. Rfe1 Ng5 30. cxd6 Nxh3+ 31. Kg2 Bg7 32. Qe6 Qxe6 33. Rxe6 Ng5 34. Re7 Rd8 35. f4 Ne4 36. Rxe4 Rxd6 37. Re7 g5 38. fxg5 Rb6 39. Rc1 Kg6 40. Rc8 Bb2 41. Rg8+ Kf5 42. Rf7+ Ke4 43. g6 1-0

[Event "Iasi op"]
[Site "Iasi ROM"]
[Date "2015.06.04"]
[Round "7.8"]
[White "Sengupta, Deep"]
[Black "Piasetski, Leon"]
[Result "1-0"]
[WhiteElo "2571"]
[BlackElo "2272"]
[PlyCount "75"]
[GameId "2130307658703812"]
[EventDate "2015.05.29"]
[EventType "swiss"]
[EventRounds "9"]
[EventCountry "ROU"]
[SourceTitle "The Week in Chess 1074"]
[Source "Mark Crowther"]
[SourceDate "2015.06.08"]
[SourceVersion "2"]
[SourceVersionDate "2015.06.09"]
[SourceQuality "2"]

1. e4 c5 2. Nf3 e6 3. d4 cxd4 4. Nxd4 Nc6 5. Nc3 Qc7 6. Be2 a6 7. O-O b5 8. Nxc6 dxc6 9. a4 b4 10. Nb1 Nf6 11. Bd3 Bd6 12. h3 Bf4 13. a5 h5 14. Qf3 Bxc1 15. Rxc1 Qe5 16. Nd2 Qg5 17. Nc4 O-O 18. Nb6 Ra7 19. c3 b3 20. Rd1 Bb7 21. Qg3 Qxg3 22. fxg3 c5 23. e5 Nd5 24. Bc4 Bc6 25. Bxb3 Rb8 26. Bc4 Ne3 27. Rd2 Bb5 28. Ba2 c4 29. Re1 Nf5 30. g4 hxg4 31. hxg4 Ne7 32. Nxc4 Bxc4 33. Bxc4 Rc8 34. Bf1 Rc5 35. Rd8+ Kh7 36. Re3 Kg6 37. b4 Rd5 38. Rd6 1-0